000 01987nam0a2200337 4500
001 RU\NLR\BIBL_A\012452023
005 20210303110357.0
010 _a978-5-7731-0858-0
_9350
021 _aRU
_bКН-П-20-063083
_9КН-П-20-4736
035 _a(NLR Aleph) 012452023
035 _a(RuMoRGB)010448739
090 _a11980306
_c11980306
100 _a20210212d2020 u y0rusy50 ca
101 0 _arus
102 _aRU
105 _a |||j|||000zy
181 0 _ai
_baxxe
182 0 _an
200 1 _aВодозаборные сооружения из подземных источников
_eучебное пособие
_e[для студентов направления 08.03.01 "Строительство", профиль "Водоснабжение и водоотведение"]
_fА.В. Бахметьев
_gМинистерство науки и высшего образования Российской Федерации, Федеральное государственное бюджетное образовательное учреждение высшего образования "Воронежский государственный технический университет"
203 _aТекст
_bвизуальный
_cнепосредственный
210 _aВоронеж
_cФГБОУ ВО "Воронежский государственный технический университет"
_d2020
215 _a108 с.
_cил., табл.
_d21
320 _aБиблиогр.: с. 105-106 (14 назв.)
606 1 _aВодозаборы подземных вод
_jУчебные издания для высших учебных заведений
_91284954
_3RU\NLR\AUTH\66212727
686 1 _aН761.102.2я73-1
700 1 _aБахметьев
_bА. В.
_gАлександр Викторович
942 _cBOOK
980 _aNBR
980 _aNB